000 00558nam a22002057a 4500
003 OSt
005 20140310183044.0
008 130227t xxu||||| |||| 00| 0 eng d
020 _a9789715847681
050 _aHF 6201
_b.On58 2009
100 _aOng, Flocer Lao
245 _aMerchandising for beginners:
_cOng, Flocer Lao
_ba textbook /
260 _aQuezon City :
_b Published by C & E Publishing Inc.,
_c2009.
300 _a132 p. :
_c27 cm.
_bill. ;
521 _aBSBA
562 _e2
942 _2lcc
_cBK
_kLOC
999 _c18572
_d18572